000 00263nam a2200097Ia 4500
001 1064299
005 20250827001713.0
008 250824s9999 xx 000 0 und d
245 0 _aABDÜLHAMİD İN KURTLARLA DANSI 1
_cMUSTAFA ARMAĞAN
260 _bKETEBE YAYINLARI
999 _c1064299
_d1064299